[Event "Madrid-ch sf"]
[Site "Madrid"]
[Date "2006.01.25"]
[Round "9"]
[White "Salas Romero, Santiago"]
[Black "Ruiz Bravo, Agustin"]
[Result "0-1"]
[WhiteElo "2122"]
[BlackElo "2246"]
[PlyCount "74"]
[EventDate "2006.01.09"]
[EventType "swiss"]
[EventRounds "9"]
[EventCountry "ESP"]
[SourceTitle "CBM 110 Extra"]
[Source "ChessBase"]
[SourceDate "2006.03.10"]
[SourceVersion "2"]
[SourceVersionDate "2006.03.10"]
[SourceQuality "1"]

1. Nf3 f5 2. d4 g6 3. g3 Bg7 4. b4 Nf6 5. Bb2 0-0 6. Bg2 d6 7. 0-0 c6 8. c4 Kh8 9. Nbd2 Be6 10. Qc2 Bg8 11. a4 Nbd7 12. Ne1 e5 13. dxe5 dxe5 14. e4 f4 15. Bh3 g5 16. Bf5 Qe8 17. Nd3 Be6 18. Bxe6 Qxe6 19. Nf3 Nh5 20. Rad1 Rae8 21. Kg2 g4 22. Nh4 f3+ 23. Kg1 Bf6 24. Nf5 Ng7 25. Nc5 Nxc5 26. bxc5 Nxf5 27. exf5 Qf7 28. Rfe1 Qh5 29. Qd3 Rd8 30. Qf1 Qxf5 31. Re3 Rxd1 32. Qxd1 Rd8 33. Qe1 Qc2 34. Bxe5 Rd1 35. Bxf6+ Kg8 36. Re8+ Kf7 37. Re7+ Kg6 0-1

[Event "Madrid-ch sf"]
[Site "Madrid"]
[Date "2006.01.16"]
[Round "4"]
[White "Ruiz Bravo, Agustin"]
[Black "Gonzalez Somoza, Oliver"]
[Result "1-0"]
[WhiteElo "2246"]
[BlackElo "2218"]
[PlyCount "92"]
[EventDate "2006.01.09"]
[EventType "swiss"]
[EventRounds "9"]
[EventCountry "ESP"]
[SourceTitle "CBM 110 Extra"]
[Source "ChessBase"]
[SourceDate "2006.03.10"]
[SourceVersion "2"]
[SourceVersionDate "2006.03.10"]
[SourceQuality "1"]

1. Nf3 d5 2. g3 Bg4 3. Bg2 Nd7 4. 0-0 e6 5. d3 Bd6 6. Qe1 Ne7 7. e4 c5 8. Nc3 0-0 9. h3 Bh5 10. Nh4 d4 11. Ne2 Rb8 12. g4 Bg6 13. f4 f5 14. Ng3 Kh8 15. gxf5 exf5 16. Nxg6+ hxg6 17. e5 Bc7 18. Kh1 b5 19. Ne2 Re8 20. c3 Nf8 21. cxd4 cxd4 22. Bd2 Ne6 23. Rc1 Nd5 24. Qg3 Kh7 25. Rg1 a5 26. Rc6 Rb6 27. Rxe6 Rbxe6 28. Nxd4 Ra6 29. Nf3 g5 30. Nxg5+ Kg8 31. Qf3 Ne7 32. Qh5 Rg6 33. Be3 Bb6 34. Bxb6 Qxb6 35. Qh7+ Kf8 36. Qh8+ Ng8 37. Bd5 Ke7 38. Bxg8 Qc6+ 39. Kh2 Qc2+ 40. Rg2 Qc1 41. Qh4 Rxg8 42. Ne4+ Kf7 43. Nd6+ Rxd6 44. exd6 Qe3 45. Qg5 g6 46. Rc2 Qf3 1-0

[Event "ESP-chT2"]
[Site "Vila Real"]
[Date "2001.08.16"]
[Round "4"]
[White "Ruiz Bravo, Agustin"]
[Black "Grau Dominguez, Enric"]
[Result "1/2-1/2"]
[WhiteElo "2150"]
[BlackElo "2153"]
[PlyCount "102"]
[EventDate "2001.08.13"]
[EventType "team"]
[EventRounds "7"]
[EventCountry "ESP"]
[SourceTitle "EXT 2002"]
[Source "ChessBase"]
[SourceDate "2001.11.25"]
[SourceVersion "1"]
[SourceVersionDate "2001.11.25"]
[SourceQuality "1"]

1. d4 Nf6 2. c4 g6 3. g3 Bg7 4. Bg2 0-0 5. Nc3 d6 6. Nf3 Nc6 7. 0-0 a6 8. d5 Na5 9. Nd2 Nd7 10. Qc2 Ne5 11. b3 c6 12. Bb2 Rb8 13. f4 Ng4 14. Nd1 b5 15. Bxg7 Kxg7 16. h3 Nf6 17. dxc6 Qb6+ 18. Kh2 Nxc6 19. cxb5 Nd4 20. Qd3 axb5 21. e4 Bb7 22. Ne3 e6 23. a4 Ba6 24. a5 b4 25. Ndc4 Qa7 26. Rad1 Nb5 27. e5 dxe5 28. fxe5 Ng8 29. Ng4 Nc3 30. Rd2 Bxc4 31. Qxc4 Qxa5 32. Rd7 Rbd8 33. Qxe6 Rxd7 34. Qxd7 h5 35. e6 hxg4 36. Rxf7+ Rxf7 37. Qxf7+ Kh8 38. e7 Nxe7 39. Qxe7 gxh3 40. Kxh3 Qh5+ 41. Qh4 Qxh4+ 42. Kxh4 Ne2 43. g4 Nf4 44. Bf1 Kg7 45. Kg3 Ne6 46. Bc4 Kf6 47. Bxe6 Kxe6 48. Kf4 Kd5 49. Kg5 Kd4 50. Kxg6 Kc3 51. g5 Kxb3 1/2-1/2

[Event "Mirabal rapid op 4th"]
[Site "Mirabal"]
[Date "2001.05.05"]
[Round "2"]
[White "Korneev, Oleg"]
[Black "Ruiz Bravo, Agustin"]
[Result "1-0"]
[WhiteElo "2572"]
[BlackElo "2144"]
[PlyCount "59"]
[EventDate "2001.05.05"]
[EventType "swiss (rapid)"]
[EventRounds "9"]
[EventCountry "ESP"]
[SourceTitle "CBM 082 Extra"]
[Source "ChessBase"]
[SourceDate "2001.07.03"]
[SourceVersion "1"]
[SourceVersionDate "2001.07.03"]
[SourceQuality "1"]

1. e4 c5 2. Nf3 e6 3. d4 cxd4 4. Nxd4 Nf6 5. Nc3 Nc6 6. Ndb5 d6 7. Bf4 e5 8. Bg5 a6 9. Na3 b5 10. Nd5 Be7 11. Bxf6 Bxf6 12. c3 0-0 13. Nc2 Nb8 14. a4 bxa4 15. Rxa4 Nd7 16. Ra1 Nb6 17. Ncb4 Nxd5 18. Nxd5 Bb7 19. Bc4 Bxd5 20. Bxd5 Ra7 21. 0-0 Qb6 22. b4 Rc8 23. Qd3 a5 24. g3 Bd8 25. bxa5 Rxa5 26. Rab1 Qc5 27. Rb7 Rc7 28. Rfb1 Ra7 29. R7b5 Qxc3 30. Rb8 1-0

[Event "ESP-chT2"]
[Site "Vila Real"]
[Date "2001.??.??"]
[Round "6"]
[White "Medina Carrasco, Santiago"]
[Black "Ruiz Bravo, Agustin"]
[Result "1-0"]
[WhiteElo "2205"]
[BlackElo "2150"]
[PlyCount "79"]
[EventDate "2001.08.13"]
[EventType "team"]
[EventRounds "7"]
[EventCountry "ESP"]
[SourceTitle "EXT 2003"]
[Source "ChessBase"]
[SourceDate "2002.11.25"]
[SourceVersion "1"]
[SourceVersionDate "2002.11.25"]
[SourceQuality "1"]

1. d4 Nf6 2. c4 e6 3. Nf3 d5 4. Bg5 c6 5. e3 Be7 6. Nc3 Nbd7 7. cxd5 exd5 8. Bd3 0-0 9. 0-0 Re8 10. Qc2 Nf8 11. Rab1 Ng6 12. b4 a6 13. a4 b5 14. Ne2 Qd6 15. Ne5 Bb7 16. a5 Nxe5 17. dxe5 Qxe5 18. Bf4 Qh5 19. Ng3 Qg4 20. Nf5 Qh5 21. f3 c5 22. bxc5 Rac8 23. Bd6 Bd8 24. g4 Nxg4 25. fxg4 Qxg4+ 26. Bg3 Bg5 27. Nd6 Bxe3+ 28. Kh1 g6 29. Nxb7 Qd7 30. Nd6 Rxc5 31. Nxe8 Qxe8 32. Qe2 d4 33. Rf6 Rc3 34. h4 Qa8+ 35. Kh2 Qd5 36. Rxa6 Ra3 37. Rd6 Qc5 38. Bxb5 Qf5 39. Rf1 Bg1+ 40. Kxg1 1-0

[Event "Badalona op"]
[Site "Badalona"]
[Date "2000.??.??"]
[Round "2"]
[White "Ramon Perez, Jose Luis"]
[Black "Ruiz Bravo, Agustin"]
[Result "1-0"]
[WhiteElo "2274"]
[BlackElo "2150"]
[PlyCount "73"]
[EventDate "2000.??.??"]
[EventType "swiss"]
[EventRounds "9"]
[EventCountry "ESP"]
[SourceTitle "EXT 2001"]
[Source "ChessBase"]
[SourceDate "2000.11.22"]
[SourceVersion "1"]
[SourceVersionDate "2000.11.22"]
[SourceQuality "1"]

1. d4 Nf6 2. c4 e5 3. dxe5 Ng4 4. Bf4 g5 5. Bd2 Nxe5 6. Bc3 Bg7 7. Nf3 Nbc6 8. Nxe5 Bxe5 9. e3 Qe7 10. h4 d6 11. hxg5 Qxg5 12. Bxe5 Qxe5 13. Nc3 Be6 14. Qd2 0-0-0 15. 0-0-0 h5 16. g3 Bg4 17. Be2 Rde8 18. Rh4 Bxe2 19. Qxe2 Qf5 20. Rd5 Re5 21. g4 Qg5 22. Rxh5 Rxh5 23. gxh5 Nb4 24. Rxe5 dxe5 25. a3 Nc6 26. Qf3 f5 27. Qh3 Nd4 28. Kb1 Nb3 29. Kc2 Na1+ 30. Kd1 Nb3 31. Ke2 Kd8 32. Qh1 Qg4+ 33. Ke1 Nc5 34. h6 Nd3+ 35. Kd2 Nxf2 36. Qd5+ Ke8 37. h7 1-0

[Event "Manresa op"]
[Site "Manresa"]
[Date "1997.??.??"]
[Round "5"]
[White "Ruiz Bravo, Agustin"]
[Black "Jimenez Bernal, Francisco"]
[Result "1-0"]
[WhiteElo "2190"]
[BlackElo "2090"]
[PlyCount "106"]
[EventDate "1997.??.??"]
[EventType "swiss"]
[EventRounds "9"]
[EventCountry "ESP"]
[SourceTitle "EXT 2000"]
[Source "ChessBase"]
[SourceDate "1999.11.16"]
[SourceVersion "1"]
[SourceVersionDate "1999.11.16"]
[SourceQuality "1"]

1. e4 e6 2. d4 d5 3. Nc3 Nf6 4. Bg5 Be7 5. e5 Nfd7 6. h4 h6 7. Bxe7 Qxe7 8. Nf3 a6 9. Qd2 c5 10. Ne2 Nc6 11. c3 cxd4 12. cxd4 f6 13. exf6 Nxf6 14. Nc3 Bd7 15. Bd3 0-0-0 16. Rc1 Kb8 17. Ne5 Nxe5 18. Qf4 Bc6 19. Qxe5+ Qd6 20. Qxd6+ Rxd6 21. 0-0 Ne4 22. Rfe1 Nxc3 23. Rxc3 Bd7 24. Kh2 Rc8 25. Rec1 Rdc6 26. Rxc6 Rxc6 27. Rxc6 Bxc6 28. Kg3 Kc7 29. Kg4 Be8 30. h5 Kd6 31. f4 Ke7 32. Kh4 Kf6 33. g4 g6 34. g5+ Kg7 35. hxg6 Bxg6 36. Bxg6 Kxg6 37. Kg4 a5 38. gxh6 Kxh6 39. f5 Kg7 40. Kg5 Kf7 41. a4 Ke7 42. Kg6 b5 43. axb5 exf5 44. Kxf5 Kd6 45. Kf6 Kc7 46. Ke6 Kb6 47. Kxd5 Kxb5 48. Ke6 Kb4 49. d5 a4 50. d6 Kb3 51. d7 Kxb2 52. d8Q a3 53. Qd4+ Kb1 1-0

[Event "Orense op"]
[Site "Orense"]
[Date "1997.??.??"]
[Round "3"]
[White "San Claudio Gonzalez, Francisco Javier"]
[Black "Ruiz Bravo, Agustin"]
[Result "1-0"]
[WhiteElo "2260"]
[BlackElo "2190"]
[PlyCount "83"]
[EventDate "1997.??.??"]
[EventType "swiss"]
[EventRounds "9"]
[EventCountry "ESP"]
[SourceTitle "EXT 1999"]
[Source "ChessBase"]
[SourceDate "1998.11.16"]
[SourceVersion "1"]
[SourceVersionDate "1998.11.16"]
[SourceQuality "1"]

1. e4 c5 2. c3 d6 3. d4 Nf6 4. Bd3 cxd4 5. cxd4 g6 6. Nc3 Bg7 7. Nf3 0-0 8. 0-0 Bg4 9. h3 Bxf3 10. Qxf3 Nc6 11. Be3 Nd7 12. d5 Nce5 13. Qe2 Nxd3 14. Qxd3 a6 15. Bd4 Ne5 16. Qd1 b5 17. f4 Nc4 18. b3 Ne3 19. Bxe3 Bxc3 20. Rc1 Qa5 21. f5 Rac8 22. Bg5 Rc7 23. fxg6 hxg6 24. Kh1 Kg7 25. Qf3 f6 26. Qf2 Qb4 27. Qf3 Rcc8 28. Bf4 f5 29. exf5 Rxf5 30. Qe3 e5 31. dxe6 Bd4 32. Qe4 d5 33. Be5+ Rxe5 34. Rf7+ Kh6 35. Qf4+ Rg5 36. Rxc8 Qe1+ 37. Qf1 Qxe6 38. Rcc7 Rh5 39. Qf4+ g5 40. Qxd4 Rxh3+ 41. gxh3 Qxh3+ 42. Kg1 1-0

[Event "Terrassa op"]
[Site "Terrassa"]
[Date "1996.??.??"]
[Round "7"]
[White "Ruiz Bravo, Agustin"]
[Black "Cordero Galan, Gonzalo"]
[Result "0-1"]
[WhiteElo "2125"]
[BlackElo "2185"]
[PlyCount "35"]
[EventDate "1996.07.??"]
[EventType "swiss"]
[EventRounds "9"]
[EventCountry "ESP"]
[SourceTitle "EXT 2002"]
[Source "ChessBase"]
[SourceDate "2001.11.25"]
[SourceVersion "1"]
[SourceVersionDate "2001.11.25"]
[SourceQuality "1"]

1. e4 e5 2. Nf3 Nc6 3. Bb5 a6 4. Ba4 Nf6 5. 0-0 Be7 6. Re1 b5 7. Bb3 0-0 8. d3 d6 9. h3 Be6 10. Bxe6 fxe6 11. c3 Nh5 12. g3 Qe8 13. Nbd2 Qg6 14. Kh2 Rf7 15. Qe2 Raf8 16. Rf1 d5 17. Rg1 Bg5 18. Rg2 0-1

[Event "Terrassa op"]
[Site "Terrassa"]
[Date "1996.??.??"]
[Round "9"]
[White "Ruiz Bravo, Agustin"]
[Black "Minguez Rodriguez, Raul"]
[Result "1/2-1/2"]
[WhiteElo "2125"]
[BlackElo "2145"]
[PlyCount "28"]
[EventDate "1996.07.??"]
[EventType "swiss"]
[EventRounds "9"]
[EventCountry "ESP"]
[SourceTitle "EXT 2002"]
[Source "ChessBase"]
[SourceDate "2001.11.25"]
[SourceVersion "1"]
[SourceVersionDate "2001.11.25"]
[SourceQuality "1"]

1. e4 e5 2. Nf3 Nc6 3. Bb5 Bc5 4. c3 Nf6 5. 0-0 0-0 6. d4 Bb6 7. Re1 d6 8. h3 Ne7 9. Bg5 Ng6 10. Nbd2 h6 11. Be3 c6 12. Bf1 Be6 13. Qc2 Nh5 14. dxe5 dxe5 1/2-1/2

[Event "Terrassa op"]
[Site "Terrassa"]
[Date "1996.??.??"]
[Round "2"]
[White "Vazquez Gamero, Miguel"]
[Black "Ruiz Bravo, Agustin"]
[Result "0-1"]
[WhiteElo "2280"]
[BlackElo "2125"]
[PlyCount "116"]
[EventDate "1996.07.??"]
[EventType "swiss"]
[EventRounds "9"]
[EventCountry "ESP"]
[SourceTitle "EXT 2002"]
[Source "ChessBase"]
[SourceDate "2001.11.25"]
[SourceVersion "1"]
[SourceVersionDate "2001.11.25"]
[SourceQuality "1"]

1. e4 c5 2. Nf3 Nc6 3. d4 cxd4 4. Nxd4 Nf6 5. Nc3 d6 6. Bg5 e6 7. Be2 Be7 8. Qd2 0-0 9. Nb3 a6 10. a4 b6 11. 0-0 Qc7 12. Rad1 Rd8 13. Bf4 Bb7 14. Bd3 Ne5 15. Qe2 Nfd7 16. Bg3 Bf6 17. f4 Nxd3 18. Rxd3 e5 19. Rfd1 exf4 20. Bxf4 Ne5 21. Rh3 g6 22. Bc1 Rac8 23. Qf2 Bg7 24. Qh4 h5 25. Bg5 Re8 26. Bf6 Ng4 27. Bxg7 Kxg7 28. Rhd3 Rcd8 29. h3 Nf6 30. Nd5 Bxd5 31. exd5 Re4 32. Qf2 Re5 33. Rd4 Rde8 34. Rf1 Ne4 35. Qf4 Rf5 36. Qc1 Rxf1+ 37. Qxf1 Ng3 38. Qd1 Ne2+ 39. Kh1 Nxd4 40. Nxd4 Qc4 41. c3 Qxd5 42. Qf1 Qg5 43. Nf3 Qf4 44. Qxa6 Qe3 45. Qb5 Qc1+ 46. Kh2 Qf4+ 47. Kh1 Qe3 48. Qc6 Re6 49. b4 g5 50. Qc4 Re4 51. Qf1 Rf4 52. Qb5 Re4 53. a5 bxa5 54. Qxa5 g4 55. Ng1 g3 56. Qa6 Qf2 57. Qb5 d5 58. Qxd5 Qxg1+ 0-1